[Event "CZE-ch U12"]
[Site "Teplice"]
[Date "2023.03.14"]
[Round "5"]
[White "Ta, Xuan Nguyen"]
[Black "Krisica, Lukas"]
[Result "1-0"]
[WhiteElo "1000"]
[BlackElo "1342"]
[PlyCount "79"]
[EventDate "2023.03.11"]
[EventType "swiss"]
[EventRounds "9"]
[EventCountry "CZE"]
[SourceTitle "CBM 213 Extra"]
[Source "ChessBase"]
[SourceDate "2023.05.31"]
[SourceVersion "1"]
[SourceVersionDate "2023.05.31"]
[SourceQuality "1"]

1. e4 c5 2. Nf3 e6 3. d4 cxd4 4. Nxd4 a6 5. Nc3 d6 6. Bd3 b5 7. 0-0 Bb7 8. Bd2 Nd7 9. Re1 Ngf6 10. a3 Be7 11. f4 0-0 12. e5 dxe5 13. fxe5 Nd5 14. Nxd5 Bxd5 15. Kh1 Nc5 16. Be2 Ne4 17. Be3 Bg5 18. Bg1 Bh4 19. Bf3 Ng3+ 20. hxg3 Bxg3 21. Bh2 Qh4 22. Kg1 Qxh2+ 23. Kf1 Qh1+ 24. Ke2 Bc4+ 25. Kd2 Bf4+ 26. Kc3 Qh4 27. Bxa8 Rxa8 28. b3 Bd5 29. Kb2 h6 30. Re2 Rd8 31. Ka2 Bxg2 32. Rxg2 Bxe5 33. c3 Qh3 34. Qc2 Bxd4 35. cxd4 Rxd4 36. Qf2 Rd3 37. Rf1 f6 38. Rb1 Kf7 39. Qa7+ Kg8 40. Qxg7# 1-0